00266nam a2200109 a 4500008004100000050001600041100002000057245002600077260002500103300001900128350000900147120416s1967 ||||||||||||||||| || u aHF 5429 Sut aSutton, Bryan H10aIntelligent retailing aLondonbPitmanc1967 ax, 251p. : ill a0.00